Normal view
MARC view
- Kasture N (2k71049)
Entry Personal Name
001 - CONTROL NUMBER
- control field: 101893
003 - CONTROL NUMBER IDENTIFIER
- control field: OSt
005 - DATE AND TIME OF LATEST TRANSACTION
- control field: 20221007215901.0
008 - FIXED-LENGTH DATA ELEMENTS
- fixed length control field: 221007|| aca||aabn | a|a d
040 ## - CATALOGING SOURCE
- Original cataloging agency: OSt
- Transcribing agency: OSt
100 ## - HEADING--PERSONAL NAME
- Personal name: Kasture N (2k71049)
670 ## - SOURCE DATA FOUND
- Source citation: Work cat.: (OSt)69048: Kasture N (2k71049), A Manual on Performance Appraisal System with Special Emphasis on Key Result Areas, 2009